| 000 | 01111nam a2200265 a 4500 | ||
|---|---|---|---|
| 001 | 80204 | ||
| 003 | BD-RjUL | ||
| 005 | 20220816154228.0 | ||
| 008 | 220816s2005 bg ||||| |||| 00| 0 ben d | ||
| 020 | _a9840502824 | ||
| 035 | _a(BD-RjUL)80204 | ||
| 040 |
_aBD-RjUL _beng _cBD-RjUL |
||
| 041 | _aben | ||
| 082 |
_223 _a327.2092 _bSIS 2005 |
||
| 100 |
_aসিং, মদনজিৎ _94392 |
||
| 245 |
_aসাশিয়ার গল্প / _cমদনজিৎ সিং ; বাংলা অনুবাদ সুরভি বন্দ্যোপাধ্যায় |
||
| 260 |
_aঢাকা : _bইউনিভার্সিটি প্রেস লিমিটেড, _c২০০৫ |
||
| 300 |
_a২২৩ পৃ.: _bচিত্রসমূহ; _c২০ সেমি. |
||
| 600 | _aসিং, মদনজিৎ | ||
| 600 |
_aSingh, Madanjeet _94394 |
||
| 650 |
_aরাষ্ট্রদূত _zভারত _xজীবনী _94395 |
||
| 650 |
_aAmbassadors _zIndia _xBiography _94396 |
||
| 700 |
_aবন্দ্যোপাধ্যায়, সুরভি _94397 |
||
| 942 |
_2ddc _cBK |
||
| 999 |
_c80204 _d80204 |
||